Flower from the garden : flower arranging made easy
| Main Author: | |
|---|---|
| Format: | Book |
| Published: |
London :
BBC Books ,
1990
|
| Subjects: |
MARC
| LEADER | 00000cam a2200000 7i4500 | ||
|---|---|---|---|
| 001 | 0000005342 | ||
| 005 | 20120615.0 | ||
| 020 | |a 0563360259 | ||
| 090 | 0 | 0 | |a 745.92 |b AIT |
| 100 | 1 | |a Aitken, Leila | |
| 245 | 1 | 0 | |a Flower from the garden : |b flower arranging made easy |c Leila Aitken |
| 260 | |a London : |b BBC Books , |c 1990 | ||
| 300 | |a 96 p. : |b ill. ; |c 26 cm. | ||
| 650 | 0 | 0 | |a Flower arrangement |
| 999 | |a 032860 |b BUKU |c PINJAMAN |e PERPUSTAKAAN KOMUNITI PETALING JAYA | ||